| 000 | 00428nam a22001697a 4500 | ||
|---|---|---|---|
| 003 | MPLRDC | ||
| 005 | 20220104123430.0 | ||
| 008 | 210129b ||||| |||| 00| 0 eng d | ||
| 082 | _a991.96 MSXL v.2 | ||
| 100 | _a国丰文化出版社编辑部 | ||
| 245 |
_a神奇魔术 _c |
||
| 250 | _a初版 | ||
| 260 |
_a _b国丰文化出版社 _c1991 |
||
| 300 | _b平 | ||
| 650 | _a公共娱乐--魔术 | ||
| 942 |
_cBK _o991.96 MSXL v.2 |
||
| 999 |
_c11376 _d11366 |
||